Von 100 auf 0 in einer Minute (deutsch) - Statistiken

Allgemein
  • Dieses Quiz wurde 439 mal gespielt
  • Das Durchschnittsergebnis liegt bei 56 aus 101
Antwortstatistiken
Zahl % Korrekt
100
100%
99
96%
97
94%
98
94%
95
92%
96
92%
91
91%
92
91%
93
91%
94
91%
89
90%
90
90%
85
89%
86
89%
87
89%
88
89%
81
88%
82
88%
83
88%
84
88%
80
87%
79
86%
78
85%
74
84%
75
84%
76
84%
77
84%
73
83%
71
82%
72
82%
70
81%
68
79%
69
79%
67
78%
66
77%
65
76%
63
75%
64
75%
61
74%
62
74%
60
71%
58
70%
59
70%
56
68%
57
68%
55
66%
52
65%
53
65%
54
65%
51
64%
50
63%
49
60%
47
59%
48
59%
46
57%
45
55%
44
53%
42
49%
43
49%
41
47%
40
44%
39
41%
38
40%
32
39%
33
39%
34
39%
35
39%
36
39%
37
39%
30
37%
31
37%
29
34%
28
33%
27
32%
26
31%
25
30%
24
28%
23
27%
22
25%
21
24%
20
23%
19
21%
18
20%
17
18%
15
16%
16
16%
14
15%
13
14%
12
13%
10
12%
11
12%
9
11%
6
10%
7
10%
8
10%
2
9%
3
9%
4
9%
5
9%
0
8%
1
8%
Keine übereinstimmenden Quizze gefunden
Verteilung der Resultate
Anzahl Personen mit jedem Resultat
Perzentil nach korrekt beantworteten Fragen
Ihre Resultats-Entwicklung
Sie haben dieses Quiz noch nicht gespielt